000 00746nam a2200265Ia 4500
003 OSt
005 20221007125509.0
006 a|||||r|||| 00| 0
007 ta
008 221006b |||||||| |||| 00| 0 eng d
020 _a0471272353 (pbk)
024 _a1651
037 _cTextual
040 _aCDL
_cCDL
_beng
041 _2eng
_aeng
082 _aE5, P4 Carc
100 _aKlein David R.
_9722027
245 0 _aOrganic chemistry as a second language: Translating the basic concepts
260 _aNew
_bJersey John Wiley & Sons
_c2004
300 _aix,303p.
_ccm.
500 _aIndex 297-303p
650 _aOrganic Chemistry
942 _hE5, P4 Carc
_cTEXL
_2CC
999 _c1215392
_d1215392